banner-ar

ديوان اوس بن حجر / (Record no. 47572)

MARC details
000 -الفاتح
حقل البيانات ثابتة الطول 00418nam a2200145Ia 4500
008 - عناصر البيانات ثابتة الطول - معلومات عامة
حقل البيانات ثابتة الطول 140319s9999 xx 000 0 ara d
040 ## - مصدر الفهرسة
وكالة الفهرسة الأصلية GCL /
وكالة النسخ GCL
082 04 - رقم تصنيف ديوى العشرى
رقم التصنيف 811.61
رقم المادة ا د
100 1# - المدخل الرئيسى - إسم شخصى
الإسم الشخصى اوس بن حجر
245 10 - بيان العنوان
العنوان ديوان اوس بن حجر /
بيان المسئوليه,etc اوس بن حجر
700 1# - المدخل الاضافى - اسم شخصى
الإسم الشخصى محمد يوسف نجم
300 ## - الوصف المادى
التعداد 198 ص
490 ## - بيان السلسلة
عنوان السلسلة الهيئة العامة للاستعلامات
رقم المجلد/ التعيين التسلسلي 0
Holdings
حالة التراجع حالة الفقد حالة تلف ليس للاعارة المكان المؤقت الموقع الحالى تاريخ الاكتساب اجمالي اﻻعارات رقم الطلب الباركود تاريخ اخر مشاهدة تاريخ تفعيل السعر نوع وعاء كوها
        مكتبة القاهرة الكبرى مكتبة القاهرة الكبرى 03/26/2014   811.61\ا د 114826 03/26/2014 03/26/2014 كتاب

Powered By

EGPV